00756nam a2200193 a 450000100100000000500170001000800410002702000150006804000250008310000360010824500960014426000320024030000200027249000340029250400730032683000410039995201050044099900170054500004314820201002040656.0140220s1997 sp 000 0 spa d a8448709012 aDO-SdBNPbspacBNPHU1 aMaravall, José Antonio97070814aLas Comunidades de Castilla :buna primera revolución moderna /cJosé Antonio Maravall. aBarcelona :bAltaya,c1997. a233 p ;c22 cm.1 aGrandes obras de historiav53 aIncluye referencias bibliográficas y notas al pie de las páginas 0aGrandes obras de historiav53970707 001050718MOaGRbGRcCTd2014-02-20iLF1l0o p43148-10r2020-06-25w2020-06-25y1ZNo se presta c42637d42637